Score 0/17 Timer 04:00
1 Play Today
% Correct
Aspiring dancers
91.8%
Death row
90%
Sandra Bullock movies
89.4%
Features a character named Charlie
88%
Features a VW Beetle
87.8%
Hidden fantasy worlds
87.3%
Pianists
83.3%
Nightmare bosses
82.8%
Getting old
82.5%
% Correct
Movies with RVs
82.5%
Female leads born in 1975
82.1%
Female Assassins
81.5%
The director has a cameo role
81%
Scenes set in Rome
78.5%
Main character is a doctor
78.3%
Wire-cutting bomb scenes
77.1%
Scenes at Niagara Falls
77%
Remove Ads.
Support Sporcle.
Get the best of Sporcle when you Go Orange. This ad-free experience offers more features, more stats, and more fun while also helping to support Sporcle. Thank you for becoming a member.

You're not logged in!

Compare scores with friends on all Sporcle quizzes.
OR
Log In

Show Comments

Extras

Top Quizzes Today


Score Distribution

Your Account Isn't Verified!

In order to create a playlist on Sporcle, you need to verify the email address you used during registration. Go to your Sporcle Settings to finish the process.

Report this User

Report this user for behavior that violates our Community Guidelines.

Details: